Homenaje a Carlos V en el IV centenario de su muerte

Saved in:
Bibliographic Details
Main Author: Toscano, Humberto (Author)
Format: Book
Language:Spanish
Published: Quito, Ecuador Ministerio de Educación Pública 1958
Series:Historiadores y cronistas de Indias
Subjects:
Tags: Add Tag
No Tags, Be the first to tag this record!

MARC

LEADER 00000nam a2200000 a 4500
001 UCO2822
003 CL-VaPUC
005 20210528001938.0
008 000608e19580000EC |||||||||||||||||spa|d
999 |c 289317  |d 289315 
040 |c Pontificia Universidad Católica de Valparaíso 
082 0 4 |a 946.042 TOS 1958  |2 21 
100 0 |a Toscano, Humberto  |e author  |9 446486 
245 1 0 |a Homenaje a Carlos V en el IV centenario de su muerte 
260 |a Quito, Ecuador  |b Ministerio de Educación Pública  |c 1958 
300 |a 128 páginas 
490 0 |a Historiadores y cronistas de Indias 
583 |a last modification  |c 20160817 04:52:20  |k Rodrigo Vera 
600 0 7 |a CARLOS V  |2 CL-VaPUC  |9 349626  |z ESPAÑA 
650 7 |a HISTORIA DE ESPAÑA  |2 CL-VaPUC  |9 318547  |y SIGLO 16 
650 0 |a Historiadores  |x BIOGRAFIAS  |z ESPAÑA  |9 314498 
852 |a BIBCUR 
942 |c BK  |2 ddc 
945 |d 20000608 00:00:00  |a rherrera 
952 |0 0  |1 0  |2 ddc  |4 0  |6 946_042000000000000_TOS_1958  |7 0  |8 A  |9 337604  |a BIBHIS  |b BIBHIS  |d 2019-11-20  |i 1287850  |o 946.042 TOS 1958  |p 1287850  |r 2025-01-20  |t 1  |w 2019-11-20  |y BK  |k HIS